Desarrollo del proceso de fabricación de café con pimienta y proyección de los productos de desecho como fuente de energía

En el desarrollo de este estudio se evaluaron las propiedades físicas y químicas del café verde, variedad Lempira, para determinar las propiedades que tiene el grano y que, por tanto, influirán en las características sensoriales del producto final. Se evalúo la calidad de la taza de café sin...

Full description

Bibliographic Details
Main Authors: Salazar Ponce, Keyla Paola, Andrade Ortiz, Yadira Gabriela
Other Authors: Tutor: Chavarría Carrión, Leonardo
Format: Tesis Section = Libro
Language:Undetermined
Spanish
Published: Managua UNI 2019
Subjects:
LEADER 01898nam a2200289Ia 4500
008 240830s9999 xx 000 0 und d
040 |a BIBLIOTECA-RUSB/ M.Mon 663.93 S161 
041 |a spa 
082 |a M.Mon 663.93 S161 
100 1 |a Salazar Ponce, Keyla Paola 
100 1 |b Andrade Ortiz, Yadira Gabriela 
245 1 0 |a Desarrollo del proceso de fabricación de café con pimienta y proyección de los productos de desecho como fuente de energía 
260 |a Managua  |b UNI  |c 2019 
300 |a 92 p. :il. 
500 |a Contiene: anexos y CD. 
502 |a Tesis (Master en Procesamiento de Alimentos) - UNI, 2019. 
520 3 |a En el desarrollo de este estudio se evaluaron las propiedades físicas y químicas del café verde, variedad Lempira, para determinar las propiedades que tiene el grano y que, por tanto, influirán en las características sensoriales del producto final. Se evalúo la calidad de la taza de café sin sabor adicional, con un catador experimentado, para tener conocimiento de la calidad de la materia prima. A demás se realizó un análisis físico a la pimienta gorda (Nombre científico: Pimenta dioica) para establecer el grado de limpieza de la especia de tal forma que material extraño no interfiera en el sabor del producto final. Finalmente se realizó un análisis sensorial con consumidores habituales de café para la determinación del porcentaje adecuado de pimienta gorda en la infusión, así como del grado de tostado del mismo, todo con el fin de seleccionar la fórmula de café con pimienta gorda más aceptada. 
650 7 |a CAFE-PRODUCCION 
650 7 |b  TECNOLOGIA DE LAS BEBIDAS 
650 7 |c  PIMIENTA GORDA 
650 7 |d  CAFES SABORIZADOS 
650 7 |e  RESIDUO AGRICOLAS. 
650 7 |f  PULPA DE CAFE. 
700 1 |a Tutor:  |b Chavarría Carrión, Leonardo 
942 |c BK  |2 ddc 
991 |a TESIS 
999 |c 27497